000 00677nam a22002417a 4500
005 20170124110051.0
010 _a678584
020 _c00.00
035 _a678584
037 _bCen Lib/Ret
040 _aDPL
_bEN
082 _a796.4
_bECK
100 _aEcker, Tom
_925390
245 _aIllustrated guide to olympic track and field techniques /
_cby Tom ecker [and] Fred Wilt
260 _aLondon
_bFaber and faber
_c1998
270 _bLondon
300 _a256p:
_c20cm(Hb)
_bill.
500 _a
650 _aTrack and field
_986404
650 _aOlympics--Revival, 1896-
_986405
700 _aWilt, Fred
_925392
942 _2ddc
_cEN
_h796.4
_mECK
999 _c129093
_d129093